Guía alternativas académicas: V región, 2004

Պահպանված է:
Մատենագիտական մանրամասներ
Համատեղ հեղինակ: Chilquinta Energía (Հեղինակ)
Ձևաչափ: Գիրք
Լեզու:իսպաներեն
Հրապարակվել է: Valparaíso Chilquinta Energía 2004
Հրատարակություն:1a. ed
Խորագրեր:
Ցուցիչներ: Ավելացրեք ցուցիչ
Չկան պիտակներ, Եղեք առաջինը, ով նշում է այս գրառումը!

MARC

LEADER 00000nam a2200000 a 4500
001 UCK1726
003 CL-VaPUC
008 041126e20040000CL |||||||||||||||||spa|d
082 0 4 |a 373.8324  |b CHI  |2 21 
110 2 |a Chilquinta Energía  |e author  |9 489563 
245 1 0 |a Guía alternativas académicas: V región, 2004 
250 |a 1a. ed 
300 |a 517 p 
942 |c BK 
945 |d 20041126 00:00:00  |a vberengu 
260 |a Valparaíso  |b Chilquinta Energía  |c 2004 
650 0 |a Universidades chilenas  |9 407335 
650 0 |a Educación superior   |9 223851 
650 7 |a INSTITUTOS PROFESIONALES  |2 CL-VaPUC  |9 407338 
650 0 |a Centros de Formación Técnica (CFT)  |9 407339 
651 7 |a CHILE  |2 CL-VaPUC  |9 489564 
583 |a last modification  |c 20120618 12:08:23  |k Rodrigo Vera 
999 |c 311540  |d 311538